Идущий впереди (Запись № 10331837)

Подробности
000 -МАРКЕР
контрольное поле 02270nam0a2200397 i 4500
001 - ИДЕНТИФИКАТОР ЗАПИСИ
контрольное поле RU\NLR\BIBL_A\010841933
005 - ИДЕНТИФИКАТОР ВЕРСИИ
контрольное поле 20260503055806.0
010 ## - МЕЖДУНАРОДНЫЙ СТАНДАРТНЫЙ НОМЕР КНИГИ (ISBN)
Номер (ISBN) 9785703210345
Тираж 100
021 ## - НОМЕР ГОСУДАРСТВЕННОЙ РЕГИСТРАЦИИ
Код страны Российская Федерация
Номер 2015-57488
Номер Листа государственной регистраци 3403
035 ## - ДРУГИЕ СИСТЕМНЫЕ НОМЕРА
Идентификатор записи (NILC)RuMoRGB-007987243
035 ## - ДРУГИЕ СИСТЕМНЫЕ НОМЕРА
Идентификатор записи (NLR Aleph) 010841933
100 ## - ДАННЫЕ ОБЩЕЙ ОБРАБОТКИ
Данные общей обработки 20150916d2015 um y0rusy50 ca
101 0# - ЯЗЫК РЕСУРСА
Язык текста, звукозаписи и т.д. русский
102 ## - СТРАНА ПУБЛИКАЦИИ ИЛИ ПРОИЗВОДСТВА
Страна публикации Российская Федерация
105 ## - ПОЛЕ КОДИРОВАННЫХ ДАННЫХ: ТЕКСТОВЫЕ МАТЕРИАЛЫ, МОНОГРАФИЧЕСКИЕ
Кодированные данные о монографическом текстовом документе ac||ca||011yd
200 1# - ЗАГЛАВИЕ И СВЕДЕНИЯ ОБ ОТВЕТСТВЕННОСТИ
Основное заглавие Идущий впереди
Сведения, относящиеся к заглавию к 65-летию ректора Нижегородской гос. мед. акад. профессора Бориса Евгеньевича Шахова
-- биобиблиографический указатель
Первые сведения об ответственности Нижегородская гос. мед. акад., Науч.б-ка
Последующие сведения об ответственности [сост.: Т. А. Андреева, С. В. Петрова]
-- под ред. Н. Г. Краюшкиной
210 ## - ПУБЛИКАЦИЯ, РАСПРОСТРАНЕНИЕ И ДР.
Место издания, распространения и т.д. Нижний Новгород
Имя издателя, распространителя и т. д. Изд-во НижГМА
Дата издания, распространения и т.д. 2015
215 ## - ФИЗИЧЕСКАЯ ХАРАКТЕРИСТИКА
Специфическое обозначение материала и объем 97 с.
Другие сведения о физической характеристике цв. ил., портр.
Размеры 20
320 ## - ПРИМЕЧАНИЯ О НАЛИЧИИ В ДОКУМЕНТЕ БИБЛИОГРАФИИ / УКАЗАТЕЛЯ
Текст примечания Алф. указ. влюч. науч. работ: с. 70-86
320 ## - ПРИМЕЧАНИЯ О НАЛИЧИИ В ДОКУМЕНТЕ БИБЛИОГРАФИИ / УКАЗАТЕЛЯ
Текст примечания Алф. указ. ст., опубл. в рубеж. период. изд.: с. 87-89
320 ## - ПРИМЕЧАНИЯ О НАЛИЧИИ В ДОКУМЕНТЕ БИБЛИОГРАФИИ / УКАЗАТЕЛЯ
Текст примечания Алф. указ. соавт.: с. 90-96
600 #1 - ИМЯ ЛИЦА КАК ПРЕДМЕТ
Начальный элемент ввода Шахов
Часть имени, кроме начального элемента ввода Б. Е.
Даты 1950 -
Расширение инициалов личного имени Борис Евгеньевич
Формальный подзаголовок Биобиблиография
Системный номер авторитетной/нормативной записи 2262783
Идентификатор авторитетной/нормативной записи RU\NLR\AUTH\6601586341
675 ## - УНИВЕРСАЛЬНАЯ ДЕСЯТИЧНАЯ КЛАССИФИКАЦИЯ (UDC/УДК)
Индекс 614
686 1# - ИНДЕКСЫ ДРУГИХ КЛАССИФИКАЦИЙ
Индекс Ч488.94(2Р)7-8Шахов.я1
702 #1 - ИМЯ ЛИЦА - ВТОРИЧНАЯ ОТВЕТСТВЕННОСТЬ
Код отношения Составитель
Графика поля Кириллица
Материалы, к которым относится поле rus
Начальный элемент ввода Андреева
Часть имени, кроме начального элемента ввода Т. А.
Дополнения к именам, кроме дат библиогаф
Расширение инициалов личного имени Татьяна Анатольевна
Системный номер авторитетной/нормативной записи 152403
Идентификатор авторитетной/нормативной записи RU\NLR\AUTH\770152441
702 #1 - ИМЯ ЛИЦА - ВТОРИЧНАЯ ОТВЕТСТВЕННОСТЬ
Код отношения Редактор
Графика поля Кириллица
Материалы, к которым относится поле rus
Начальный элемент ввода Краюшкина
Часть имени, кроме начального элемента ввода Н. Г.
Дополнения к именам, кроме дат библиограф
Расширение инициалов личного имени Наталья Геннадьевна
Системный номер авторитетной/нормативной записи 132089
Идентификатор авторитетной/нормативной записи RU\NLR\AUTH\770132123
702 #1 - ИМЯ ЛИЦА - ВТОРИЧНАЯ ОТВЕТСТВЕННОСТЬ
Начальный элемент ввода Шахов
Часть имени, кроме начального элемента ввода Б. Е.
Даты 1950-
Расширение инициалов личного имени Борис Евгеньевич
Код отношения Прочие
712 02 - НАИМЕНОВАНИЕ ОРГАНИЗАЦИИ - ВТОРИЧНАЯ ОТВЕТСТВЕННОСТЬ
Код отношения Прочие
Начальный элемент ввода Нижегородская государственная медицинская академия
Структурное подразделение Научная библиотека
Системный номер авторитетной/нормативной записи 387927
Идентификатор авторитетной/нормативной записи RU\NLR\AUTH\880360396
801 #0 - ИСТОЧНИК ЗАПИСИ
Страна Российская Федерация
Организация РГБ
Дата составления 20150730
Правила каталогизации RCR
801 #1 - ИСТОЧНИК ЗАПИСИ
Страна Российская Федерация
Организация РГБ
Дата составления 20150730
Источник данных rusmarc
942 ## - ДОПОЛНИТЕЛЬНЫЕ ЭЛЕМЕНТЫ ЗАПИСИ (АБИС)
Тип экземпляра АБИС Книга
980 ## - КОЛЛЕКЦИЯ
Название коллекции НБР

Нет доступных экземпляров.